Statistics for BMW Model Identifications

Click here to take the quiz!

General Stats

  • This quiz has been taken 136 times
  • The average score is 1 of 9

Answer Stats

HintAnswer% Correct
E461998-2006 3-Series
100%
E652001-2008 7-Series
4%
E211975–1983 3-Series
3%
E632003-2010 6-Series
3%
E832003–2010 X3
3%
E812004-2011 1-Series
3%
E702007–2013 X5
3%
E121972–1984 5-Series
2%
E521999–2003 Z8
2%

Score Distribution

Percentile by Number Answered

Percent of People with Each Score

Your Score History

You have not taken this quiz